| 000 | 00578 a2200217 4500 | ||
|---|---|---|---|
| 260 | _aParis | ||
| 630 | _a33 - Economie : économie politique | ||
| 650 | _a3 - SCIENCES SOCIALES | ||
| 100 | _aEmmanuel, Arghiri | ||
| 260 | _bF. Maspéro | ||
| 245 | _aL'Echange intégral : essai sur les antagonismes dans les rapports économiques internationaux | ||
| 300 | _a422p. | ||
| 650 | _aEchange international : inégalité | ||
| 260 | _c1972 | ||
| 300 | _b24 cm | ||
| 100 | _lFr | ||
| 037 | _a21051 | ||
| 700 | _aPref., Bettelheim, Charles | ||
| 999 |
_c44180 _d44180 |
||